000 00414nam a22001577a 4500
005 20251108164045.0
008 250721s1990 xx 000 0 ara d
082 1 4 _a962/جري
100 1 _aجريشة، علي
245 1 0 _aعندما يحكم الغباء /
264 1 _aالقاهرة :
_bدار اللواء،
_c1990.
300 _a102ص
650 1 7 _aتاريخ مصر
942 _2ddc
_cBK
999 _c2533
_d2533